[Event "RUS-ch Youth U21 Boys 2018"]
[Site "Loo"]
[Date "2018.04.27"]
[Round "8"]
[White "Lomasov, Semen"]
[Black "Sarana, Alexey"]
[Result "1/2-1/2"]
[WhiteElo "2550"]
[BlackElo "2588"]
[Annotator "TA"]
[PlyCount "288"]
[EventDate "2018.??.??"]
[EventType "tourn"]
[EventCountry "RUS"]
[SourceTitle "playchess.com"]
[Source "ChessBase"]
[SourceQuality "1"]

{[%evp 16,287,31,21,20,25,20,14,24,14,14,6,12,12,12,11,8,24,35,0,7,0,23,0,0,0,0,-16,-10,-6,-10,-6,0,0,0,0,0,0,0,6,8,0,0,0,0,0,0,0,0,0,0,0,0,0,0,0,0,0,0,0,0,0,0,0,0,-14,-12,-16,-9,-10,-10,-65,-89,-91,-33,-35,-27,-40,-40,-32,-31,-45,-8,-8,-8,-8,-8,-8,-8,-70,0,0,0,0,0,0,0,0,0,0,0,0,0,0,0,0,0,0,0,0,0,0,0,0,0,0,0,0,0,0,0,0,0,0,0,0,0,0,0,0,0,0,0,0,0,0,0,0,0,0,0,0,0,0,0,0,0,0,0,0,0,0,0,0,0,0,0,0,0,0,0,0,0,0,0,0,0,0,0,0,0,0,0,0,0,0,0,0,0,0,0,0,0,0,0,0,0,0,0,0,0,0,-8,-8,-8,-8,-8,-8,-8,-8,-8,-144,-8,-691,-8,-8,-8,-8,-8,-8,-8,-8,-8,-8,0,0,0,0,0,0,0,0,0,0,0,0,0,0,0,0,0,0,0,0,0,0,0,0,0,0,0,0,0,0,0,0,0,0,0,0,0,0,0,0,0,0,0,0,0,0,0,-8,-8,-8,0,0,0,0,0,0,0,0,0,0]} 1. e4 c5 2. Nf3 d6 3. d4 cxd4 4. Nxd4 Nf6 5. Nc3 a6 6. Bg5 e6 7. f4 h6 8. Bh4 Nbd7 {B96: Sicilian Najdorf: 6 Bg5 e6 7 f4, lines other than 7...Qb6 and 7...Be7} (8... Qb6 9. a3 Be7 10. Bf2 Qc7 11. Qf3 Nbd7 12. O-O-O b5 13. g4 Bb7 14. Bg2 g5 15. h4 gxf4 16. g5 Ne5 17. Qxf4 hxg5 18. hxg5 Rxh1 19. Rxh1 {0-1 (59) Karjakin,S (2760)-Vachier Lagrave,M (2789) London 2017}) 9. Qe2 {LiveBook: 27 Games} e5 10. fxe5 dxe5 {White has an edge.} 11. Nf5 Nb6 $146 ({Predecessor:} 11... g6 12. Ne3 g5 13. Bg3 Bb4 14. Nf5 Qc7 15. O-O-O Bxc3 16. Nd6+ {0-1 (73) Cooke,E (2213)-Vegh,E (2313) Budapest 2007}) 12. Qd3 Bxf5 13. exf5 Qxd3 14. Bxd3 Bb4 $1 15. O-O Bxc3 16. bxc3 O-O-O 17. Rab1 Rd6 18. Rfe1 Re8 19. Bf2 Na4 20. Rb4 Nxc3 21. Rc4+ Rc6 22. Rxc6+ bxc6 23. Bxa6+ Kc7 24. Bc4 Nfd5 25. a4 f6 26. a5 Ra8 27. a6 Nb5 28. Bf1 Ne7 29. g4 Rxa6 30. Bc5 Kd7 31. Rd1+ Ke8 32. Rb1 Ra5 33. c4 Nd4 34. Rb8+ Kf7 35. Bd6 $1 {[#] Hoping for Rb7.} Ra2 36. Bg2 {Threatens to win with Rb7.} Ra7 37. Be4 Rd7 38. c5 g6 39. fxg6+ Nxg6 40. Rc8 Ra7 41. Bxc6 Nxc6 42. Rxc6 $11 {[%mdl 4096] Endgame KRB-KRN} Ra4 43. Rc7+ (43. h3 $1 $11) 43... Ke6 $15 44. h3 Ra3 (44... Nf4 $17 45. h4 Ng6) 45. Rg7 Nf4 46. h4 Kd5 47. Rf7 Rg3+ 48. Kf2 Rxg4 49. Rxf6 Rxh4 50. c6 Rh2+ 51. Kg1 $132 {[%mdl 2048] White is not keeping still} Rc2 52. c7 (52. Bb8 $11) 52... Ne2+ (52... Ne6 $15 53. Bxe5 Kxe5 54. Rxh6 Rxc7) 53. Kg2 $1 $11 Nc3+ 54. Rf2 $1 {[%cal Rf2c2]} Rxf2+ 55. Kh1 Nb5 56. c8=Q Nxd6 {KQ-KRN} 57. Qa8+ Ke6 58. Qg8+ Nf7 59. Kg1 Rf4 60. Qg6+ Ke7 61. Kg2 Rf6 62. Qe4 Kf8 63. Qh7 Ng5 64. Qd7 Nf7 65. Qg4 Nh8 66. Qh5 Re6 67. Kf3 Rf6+ 68. Ke3 Nf7 69. Qg4 Rf4 70. Qg6 Ke7 71. Ke2 Rf6 72. Qe4 (72. Qh7 {seems wilder.} Ke6 73. Qg8 Ke7 74. Qa8 Ke6 75. Qc8+) 72... Nd6 73. Qh7+ Ke6 74. Qg8+ Kf5 75. Qh7+ Kf4 76. Qa7 Nf7 77. Qf2+ Kg5 78. Qg3+ Kh5 79. Ke3 Rf4 80. Qh3+ Kg5 81. Qg2+ Kf6 82. Qc6+ Kg7 83. Qg2+ Ng5 84. Qd5 Re4+ 85. Kf2 Rf4+ 86. Ke3 Rf3+ 87. Ke2 e4 88. Qe5+ Kg6 89. Qe8+ Rf7 90. Qg8+ Kf5 91. Qh8 Rf6 92. Qc8+ Kf4 93. Qc1+ $1 Kg4 94. Qg1+ Kf5 95. Qh2 Rc6 96. Qb8 Kg4 97. Qb5 Rc2+ 98. Ke3 Rc3+ 99. Ke2 h5 100. Qd7+ Kh4 $1 101. Qe7 Rf3 102. Qd8 Kg4 103. Qd7+ Rf5 {Black wants to play ...h4.} 104. Qd4 h4 {With the idea ...h3.} 105. Qg1+ Kh5 106. Qa7 h3 107. Qb8 Kg4 {And now ...Rc5 would win.} 108. Qd6 {[#]} (108. Ke3 $11) 108... Rf4 ({Black should play} 108... Nf3 $1 $17 {Strongly threatening ...h2.} 109. Qg6+ Kf4 110. Qd6+ Re5 111. Qh6+ Kg3 112. Qg7+ Rg5 113. Qc7+ Kg2) 109. Qd7+ $2 {[%mdl 8192]} (109. Qh6 $11) 109... Kh4 $2 ({Black should try} 109... Kg3 $19 {White must now prevent ...h2.} 110. Qg7 Rf5) 110. Qd6 {The position is equal.} Rf3 {aiming for ...Kg4.} 111. Qh6+ Kg4 112. Qh8 Rf5 113. Ke3 $1 Rc5 114. Qb2 h2 115. Qg2+ Kf5 {...Rc1 is the strong threat.} 116. Qf1+ Kg6 (116... Nf3 $5 117. Qh3+ $8 Ke5 $11) 117. Qa6+ $1 Kh5 118. Qe2+ Nf3 119. Qg2 Rc1 120. Qh3+ Kg5 121. Qg3+ Kf5 122. Qf4+ Ke6 123. Qg4+ $1 Kd6 (123... Kf6 $5 124. Qf4+ $8 Ke7 125. Qxe4+ Kd6 126. Qf4+ Ke7 127. Qe4+ Kd8 128. Qd5+ Ke7 129. Qb7+ Kd6 130. Qb6+ Rc6 131. Qd8+ Kc5 132. Qf8+ Kb6 133. Qb4+ Kc7 134. Qf4+ Kd7 135. Qf7+ Kd6 136. Qf6+ Kc7 $11) 124. Qg6+ Kc5 125. Qf5+ Kb6 126. Qe6+ Rc6 127. Qb3+ Kc5 128. Qc3+ Kd5 129. Qb3+ Kd6 130. Qb4+ Rc5 131. Qb6+ Kd5 132. Qb7+ Ke6 133. Qb6+ Kd5 134. Qb7+ Kd6 135. Qb6+ Rc6 136. Qb4+ $1 Ke6 137. Qxe4+ Ne5 138. Qh1 Rc3+ 139. Kf2 Kf5 140. Kg2 Ng4 141. Qf1+ Kg5 {( -> ...Ne3+)} 142. Qe1 Rc2+ 143. Kh1 $2 {[%mdl 8192]} (143. Kf3) 143... Nf2+ 144. Qxf2 $1 Rxf2 {Precision: White = 74%, Black = 66%.} 1/2-1/2

[Event "RUS-ch Youth U21 Boys 2018"]
[Site "Loo"]
[Date "2018.04.27"]
[Round "8"]
[White "Triapishko, Alexandr"]
[Black "Yeletsky, Ivan"]
[Result "1-0"]
[WhiteElo "2504"]
[BlackElo "2418"]
[Annotator "TA"]
[PlyCount "79"]
[EventDate "2018.??.??"]
[EventType "tourn"]
[EventCountry "RUS"]
[SourceTitle "playchess.com"]
[Source "ChessBase"]
[SourceQuality "1"]

{[%evp 11,79,-6,-6,0,-3,-10,-13,-10,0,-6,0,0,19,0,0,2,66,75,54,55,66,50,104,102,166,161,160,152,152,153,151,138,205,202,271,263,278,273,281,277,324,336,329,322,337,335,332,340,345,319,318,311,383,377,362,291,282,274,469,470,468,456,719,727,1001,782,1100,1091,1946,1904]} 1. Nf3 c5 2. g3 Nc6 3. d4 cxd4 4. Nxd4 g6 5. Bg2 Bg7 6. Nxc6 dxc6 7. Qxd8+ {A04: Unusual lines after 1 Nf3 and King's Indian Attack} Kxd8 8. c3 (8. a4 Kc7 9. a5 Bh6 10. Nd2 e5 11. b3 Nf6 12. Bb2 Re8 13. Nc4 Nd7 14. h4 Bf8 {1-0 (40) Maghsoodloo,P (2594)-Ponkratov,P (2605) Amol 2018}) 8... Nf6 $146 ({Predecessor:} 8... Nh6 9. Nd2 Kc7 10. Nc4 Be6 11. Bf4+ Kc8 12. Ne5 Nf5 13. Nd3 Bc4 14. O-O f6 {½-½ (30) Mitter,G (2194)-Praznik,N (2378) Feffernitz 2008}) 9. Na3 $1 {The position is equal.} Be6 10. e4 {[%cal Be2e4,Be4e5][%mdl 32]} Kc8 11. Be3 Ng4 12. Bc5 Rd8 13. f4 f5 ({Black should try} 13... b6 $11 14. Bxe7 Rd7) 14. e5 $14 (14. Bxe7 Re8 $11) 14... Bd5 15. Bxd5 Rxd5 16. Bg1 h5 (16... b6 $14) 17. Nc2 $16 Rd8 (17... Nh6 $16) 18. Nd4 $18 Kd7 19. h3 Nh6 20. O-O-O Ke8 21. Rh2 Kf7 (21... Bf8 $16 {keeps fighting.} 22. Rhd2 Rac8) 22. Rhd2 Rd5 23. Nf3 Rxd2 24. Rxd2 ({Don't take} 24. Kxd2 $6 b6 $16) 24... Ke8 25. Ng5 b6 26. Ne6 Kf7 27. Rd8 Rxd8 28. Nxd8+ {[%mdl 4096] Endgame KBN-KBN} Ke8 29. Nxc6 g5 30. Be3 ({But not} 30. Nxa7 Nf7 $18) 30... Nf7 31. Nd4 ({Don't play} 31. Nxa7 h4 $18) 31... gxf4 32. gxf4 Nh6 33. Kd2 Kd7 34. b4 a6 $2 {[#]} (34... e6 35. c4 Bf8) 35. c4 {[%cal Bc3c4,Bc4c5,Bc5c6][%mdl 32] White is clearly winning.} e6 36. c5 Bf8 (36... bxc5 $142 37. bxc5 Bh8 38. c6+ Kc7) 37. c6+ Ke7 38. a4 Ng8 39. b5 axb5 40. Nxb5 {Precision: White = 74%, Black = 38%.} 1-0

[Event "RUS-ch Youth U21 Boys 2018"]
[Site "Loo"]
[Date "2018.04.27"]
[Round "8"]
[White "Lobanov, Sergei"]
[Black "Vavulin, Maksim"]
[Result "1/2-1/2"]
[WhiteElo "2482"]
[BlackElo "2570"]
[Annotator "TA"]
[PlyCount "72"]
[EventDate "2018.??.??"]
[EventType "tourn"]
[EventCountry "RUS"]
[SourceTitle "playchess.com"]
[Source "ChessBase"]
[SourceQuality "1"]

{[%evp 15,72,25,24,35,28,20,48,69,67,78,114,94,94,82,271,271,273,244,326,329,436,435,419,412,397,320,310,300,347,344,457,456,418,444,576,558,621,247,216,41,35,-39,-39,-64,-64,-64,-64,-64,0,0,0,-60,0,0,0,-65,0,0,0]} 1. e4 e5 2. Nf3 Nc6 3. Bb5 a6 4. Ba4 b5 5. Bb3 Na5 6. O-O d6 7. d4 exd4 {C70: Ruy Lopez: 3...a6 4 Ba4, Norwegian and Delayed Schliemann} 8. Qxd4 (8. Nxd4 Bb7 9. a4 c5 10. Qf3 Nf6 11. Nf5 g6 12. Nh6 Nxb3 13. Qxb3 Qd7 14. axb5 axb5 15. Rxa8+ Bxa8 16. Re1 Bxh6 17. Bxh6 {1-0 (35) Wang,H (2709)-Vallejo Pons,F (2707) Riadh 2017}) 8... Bb7 {LiveBook: 9 Games} 9. Bg5 Ne7 {White is slightly better.} 10. a4 c5 $146 ({Predecessor:} 10... Nxb3 11. cxb3 h6 12. Bh4 Nc6 13. Qd3 Qd7 14. axb5 {½-½ (30) Babic,D (2468)-Anokhin,Y (2397) ICCF email 2016}) 11. Qe3 h6 12. Bh4 Qd7 13. axb5 axb5 14. Bd5 Nac6 $2 (14... Nxd5 $16 15. exd5+ Be7) 15. Rxa8+ $18 Bxa8 16. Nc3 b4 17. Nb5 Nxd5 18. exd5+ Ne7 19. Ra1 Bb7 20. Qe2 Kd8 21. c4 $1 bxc3 22. bxc3 g5 {[#]} 23. Nxd6 $1 {[%mdl 512]} Qxd6 24. Bg3 Qb6 25. Ne5 Rh7 26. Qd3 $2 (26. Nc4 Qb5 27. Bc7+ $1 {[%mdl 512]} Kxc7 28. d6+ Kb8 29. dxe7 Bxe7 30. Qxe7) 26... Rg7 {[#]} 27. Nc6+ $2 ({Only move:} 27. c4 $1 $18) 27... Ke8 $14 28. Rb1 (28. Nxe7 $14 Bxe7 29. Re1) 28... Qa6 $15 29. Qe3 f5 $1 30. Bd6 {aiming for Qe5.} ({Avoid the trap} 30. Qe6 $2 Rg6 $19) 30... Qa2 $1 {[%cal Ra2b1]} 31. Rd1 Qa4 (31... Qc2 $5 {[%cal Rc2d1]} 32. Re1 Bxc6 33. dxc6 Qe4 34. Qxe4 fxe4 35. Rxe4 Kf7 $17) 32. Rb1 $36 {[%mdl 2048] Strongly threatening f3. Black is under pressure.} Qa2 $1 {[%cal Ra2b1]} 33. Rd1 Qa4 (33... Qc2 $5 {[%cal Rc2d1]} 34. Re1 Bxc6 35. dxc6 Qe4 $17) 34. Rb1 {And now f3 would win.} Qa2 $1 {[%cal Ra2b1]} 35. Rd1 {Bxe7 is the strong threat.} Qa4 (35... Qc2 $1 $15 36. Re1 Bxc6 37. dxc6 Qe4) 36. Rb1 $11 {Black must now prevent f3.} Qa2 $1 {Precision: White = 63%, Black = 42%.} 1/2-1/2

[Event "RUS-ch Youth U21 Boys 2018"]
[Site "Loo"]
[Date "2018.04.27"]
[Round "8"]
[White "Khanin, Semen"]
[Black "Drygalov, Andrey"]
[Result "1-0"]
[WhiteElo "2472"]
[BlackElo "2446"]
[Annotator "TA"]
[PlyCount "82"]
[EventDate "2018.??.??"]
[EventType "tourn"]
[EventCountry "RUS"]
[SourceTitle "playchess.com"]
[Source "ChessBase"]
[SourceQuality "1"]

{[%evp 29,82,31,49,57,48,26,29,14,8,5,53,0,55,2,80,75,92,94,102,110,82,86,99,94,106,87,160,173,166,165,150,127,316,314,307,285,403,392,594,566,492,284,509,520,543,543,486,233,958,950,929,920,882,873,29984]} 1. e4 c5 2. Nf3 e6 3. d4 cxd4 4. Nxd4 a6 5. c4 Nf6 6. Nc3 Qc7 7. a3 b6 8. Be3 Bb7 9. f3 d6 10. Be2 Be7 11. O-O O-O {B41: Sicilian: Kan Variation: 5 c4} 12. Qd2 Nbd7 13. Rac1 Rfc8 14. b4 {[%cal Bb2b4,Bb4b5][%mdl 32]} Qd8 15. Nb3 (15. Rfd1 Rab8 16. Kh1 {½-½ (44) Xiong,J (2634)-Gordievsky,D (2622) Wijk aan Zee 2018}) 15... Rab8 {LiveBook: 3 Games} 16. Rfd1 {[#]} Ne5 $146 17. Na4 Bc6 18. b5 Be8 19. Nd4 Qc7 20. Qb2 ({Better is} 20. Nc3 $14) 20... h5 ({Black should try} 20... Qa7 $11) 21. Kh1 (21. Nc3 $14) 21... a5 (21... Qa7 $11) 22. h3 Ng6 23. Nc3 Qb7 24. f4 Nxe4 25. Bf3 d5 {[#]} 26. cxd5 $1 Nxc3 27. Rxc3 Rxc3 (27... exd5 $142 28. Rxc8 (28. Bxh5 Bf6 $11) 28... Qxc8) 28. Qxc3 $16 exd5 29. Nc6 ({Resist} 29. Bxh5 $6 Bf6 $14) 29... Bf6 30. Qc2 Rc8 $2 (30... Qc7 $16) 31. Bxd5 $18 {[#] Qxg6 is the strong threat.} Nf8 32. Qf2 Qd7 (32... Bxc6 {keeps fighting.} 33. bxc6 Qb8) 33. f5 a4 (33... Qb7 $142 34. a4 h4 35. Nxa5 Qe7) 34. Bxb6 Nh7 35. Rd3 (35. h4 $142) 35... Kh8 $2 (35... Qb7 36. Rd1 Bxc6 37. bxc6 Rxc6) 36. Bc5 Bg5 37. Qf3 Nf6 38. Be6 (38. Bg1 $142) 38... fxe6 $2 (38... Qb7) 39. Rxd7 {White is clearly winning.} Bxd7 40. fxe6 Bxe6 41. Bd4 Nd5 {Precision: White = 58%, Black = 20%.} 1-0

[Event "RUS-ch Youth U21 Boys 2018"]
[Site "Loo"]
[Date "2018.04.28"]
[Round "9"]
[White "Sarana, Alexey"]
[Black "Triapishko, Alexandr"]
[Result "1/2-1/2"]
[WhiteElo "2588"]
[BlackElo "2504"]
[Annotator "TA"]
[PlyCount "216"]
[EventDate "2018.??.??"]
[EventType "tourn"]
[EventCountry "RUS"]
[SourceTitle "playchess.com"]
[Source "ChessBase"]
[SourceQuality "1"]

{[%evp 14,215,43,49,56,46,43,55,68,41,64,56,28,23,20,30,12,0,31,22,27,22,22,12,16,13,20,-62,-39,-184,-191,-176,-113,-181,-182,-179,-145,-177,-170,-176,-172,-181,-178,-183,-185,-180,-179,-181,-187,-174,-136,-135,-130,-127,-119,-125,-118,-123,-124,-125,-132,-120,-125,-125,-122,-122,-122,-118,-94,-87,0,-125,-125,-125,-125,-116,-103,-110,-83,-164,-160,-157,-157,-157,-153,-216,-200,-292,-300,-316,-329,-290,-235,-339,-339,-291,-316,-435,-405,-485,-462,-508,-499,-459,-483,-437,-310,-1032,-1285,-4570,-1114,-4590,-95,-95,-95,-102,-105,-112,-113,-113,-120,-128,-128,-231,-231,-231,-231,-231,-231,-231,-231,-231,-231,-231,-231,-231,-231,-231,-231,-231,-231,-231,0,-231,-165,-165,-165,-173,-222,-222,-224,-224,-224,-224,-231,-231,-231,-231,-231,-231,-231,-231,0,-231,-231,-231,-231,-231,-231,-231,-231,-231,-231,-231,-231,-231,-231,-231,-231,-231,-231,-231,-231,-231,-231,-231,-231,-231,-231,-231,-308,-380,-231,-412,0,-231,0,0,0,0,0,0,0,0]} 1. d4 d5 2. c4 c6 3. Nf3 e6 4. Nbd2 Nf6 5. g3 Nbd7 6. Bg2 Bd6 7. O-O O-O 8. Re1 {LiveBook: 7 Games. E01: Catalan: Early deviations} e5 (8... b6 9. e4 Nxe4 10. Nxe4 dxe4 11. Ng5 Nf6 12. Nxe4 Nxe4 13. Bxe4 Bb7 14. Qh5 g6 15. Qf3 Rc8 {1-0 (34) Sjugirov,S (2670)-Yudin,S (2524) Khanty-Mansiysk 2016}) 9. cxd5 Nxd5 10. e4 $146 {White is slightly better.} ({Predecessor:} 10. a3 Re8 11. Nc4 Qe7 12. Nxd6 Qxd6 13. dxe5 Nxe5 14. Bf4 Nxf3+ 15. Bxf3 Qe6 16. Bd2 Nf6 17. e4 b6 18. Bg5 Bb7 19. Bg2 h6 20. Bf4 Rad8 21. Qc2 c5 22. Rad1 Rxd1 {½-½ (22) Hacik,R (2250)-Janko,Z (2210) Slovakia 2002}) 10... N5b6 11. dxe5 Nxe5 12. Nxe5 Bxe5 13. f4 Bc7 14. Qc2 Qd4+ 15. Kh1 Re8 (15... Qf2 $5 {[%cal Rf2e1]} 16. Rf1 Qd4 $11) 16. Nf3 (16. Nb3 {is more complex.} Qc4 17. Qf2 f5 18. e5 Qf7 19. Nc5) 16... Qc4 17. Qf2 Nd7 {[%cal Bb6d7,Bd7f6,Bf6e4][%mdl 32]} ({Much worse is} 17... Rxe4 $6 18. Be3 $16) 18. b3 Qc5 19. Be3 Qh5 20. Rad1 (20. Bd4 $11) 20... Nf6 $1 $15 {[%cal Rf6e4]} 21. e5 ({White should play} 21. Nd2 $15) 21... Ne4 $19 22. Qc2 Nxg3+ 23. Kg1 Nf5 $1 {[%cal Rf5e3]} 24. Bc5 Bb6 25. Rd2 h6 26. Qc3 Be6 27. Bxb6 axb6 28. Nd4 Qh4 29. Rf1 Nxd4 30. Qxd4 Red8 31. Qf2 Qxf2+ 32. Rfxf2 Rxd2 33. Rxd2 {[%mdl 4096] Endgame KRB-KRB} g5 34. Kf2 Kf8 35. Be4 gxf4 36. Kf3 Ke7 37. Kxf4 b5 38. Ke3 Ra5 39. Kf4 b4 40. Bf3 Bd5 41. Be4 Be6 42. Bf3 $1 Ra8 43. Ke3 f6 44. exf6+ Kxf6 45. Kf4 Ra5 46. Be4 (46. Rd4 $17) 46... Rg5 47. Bf3 Rf5+ 48. Ke3 {[#]} Re5+ $1 49. Kf4 {[#]} (49. Kd3 $17 {is a better defense.}) 49... Bd5 $1 50. Bxd5 (50. Be2 $142) 50... Rxd5 {KR-KR} ({Inferior is} 50... cxd5 51. Rd4 $11) 51. Rg2 Rd4+ 52. Ke3 Rh4 53. Kd3 (53. Rc2 {might work better.}) 53... Ke5 54. Kc2 Ke4 55. Kb2 Kf3 56. Rd2 Re4 57. Rd7 Re2+ 58. Kb1 Rxh2 59. Rxb7 c5 60. Rc7 $2 (60. Ra7) 60... h5 {[%cal Bh6h5,Bh5h4][%mdl 32]} 61. Rxc5 h4 62. a3 bxa3 $2 (62... h3 $19 {is more deadly.} 63. axb4 Rd2) 63. Rc3+ $17 Ke4 64. Ka1 Kd4 65. Rc4+ Kd3 {White must now prevent ...h3.} 66. Rf4 Kc3 {Strongly threatening ...h3.} 67. Rf3+ Kb4 {...h3 is the strong threat.} 68. Rf4+ (68. Re3 $17 {was worth a try.}) 68... Kxb3 $19 69. Rf3+ Kb4 70. Rf4+ Kb5 71. Re4 Kc6 72. Rd4 Kc5 73. Re4 Kd5 74. Rg4 Ke5 75. Rb4 Rh1+ 76. Ka2 Rh3 77. Rg4 Rh1 78. Rb4 $1 h3 79. Rb3 Kd4 80. Rg3 Ke4 81. Rc3 Kf4 82. Rc4+ Ke3 83. Rc3+ Ke2 84. Rg3 Kd2 85. Rf3 Rh2 86. Rg3 Ke2 87. Rc3 {intending Rc2+.} Rh1 88. Rg3 $1 Kf2 89. Rc3 Rh2 90. Ka1 Kg1 91. Rc1+ Kg2 92. Rc2+ Kg3 93. Rc3+ Kf4 94. Rc4+ Ke5 {Hoping for ...Re2.} 95. Rc3 Rh1+ 96. Ka2 Ke4 97. Rg3 Rh2+ 98. Ka1 Kf4 99. Rc3 Rh1+ 100. Ka2 Kg4 101. Rc4+ Kf5 102. Rc3 Rh2+ 103. Ka1 $2 (103. Kxa3 Kg5 104. Rc5+ Kf4 105. Rc4+ Ke3 106. Rc3+ Kd4 107. Kb3) 103... Ke4 (103... Kg5 $142 104. Rc5+ Kf4) 104. Rg3 $1 a2 $2 (104... Kd4 $19 {Threatens to win with ...a2.} 105. Rb3 Kc4) 105. Re3+ $1 $11 {The position is equal.} Kf4 106. Rf3+ $1 Kg4 107. Rg3+ Kh4 {( -> ...Rh1+)} 108. Rg4+ $1 Kxg4 $2 {[%mdl 8192] Precision: White = 70%, Black = 70%.} (108... Kh5 109. Rg5+ Kh6 110. Rg6+ Kh5 111. Rg5+ Kh6 112. Rg6+ Kh5 113. Rg5+) 1/2-1/2

[Event "RUS-ch Youth U21 Boys 2018"]
[Site "Loo"]
[Date "2018.04.28"]
[Round "9"]
[White "Vavulin, Maksim"]
[Black "Lomasov, Semen"]
[Result "1/2-1/2"]
[WhiteElo "2570"]
[BlackElo "2550"]
[Annotator "TA"]
[PlyCount "119"]
[EventDate "2018.??.??"]
[EventType "tourn"]
[EventCountry "RUS"]
[SourceTitle "playchess.com"]
[Source "ChessBase"]
[SourceQuality "1"]

{[%evp 9,119,-52,-54,-56,-42,-49,-49,-49,-38,-49,-27,-26,-28,-27,-23,-41,-34,-50,-28,-58,-10,-81,-64,-67,-69,-96,-94,-114,-124,-106,-97,-112,-95,-104,-115,-122,-71,-68,-58,-65,-60,-32,0,-20,-36,-32,-38,-67,-64,-77,-25,-25,-26,-21,-20,-22,-18,-38,0,0,0,0,17,0,-13,0,0,0,0,0,0,0,0,0,0,0,0,0,27,27,27,27,27,39,39,20,200,204,110,0,0,0,0,0,0,0,0,0,0,0,0,0,0,0,0,0,0,0,0,0,0,0]} 1. b3 d5 2. Bb2 Bg4 3. f3 Bh5 4. e4 (4. Nh3 e6 5. c4 Nf6 6. cxd5 exd5 7. e3 Bd6 8. Be2 Bg6 9. Na3 c6 10. O-O O-O 11. f4 Bf5 {0-1 (54) Vachier Lagrave,M (2762)-Sargissian,G (2686) Dubai 2014}) 4... dxe4 5. Qe2 c6 6. Nc3 {A01: Nimzowitsch-Larsen Opening} exf3 $1 7. Nxf3 e6 8. O-O-O {Black is slightly better.} Nf6 (8... Qa5 {keeps more tension.} 9. a4 Nf6 10. h3 Bg6 11. g4 Nbd7) 9. h3 Bxf3 (9... Qa5 {looks sharper.} 10. g4 Bg6 11. a4 Nbd7 12. Nh4 O-O-O) 10. Qxf3 Qa5 $146 ({Predecessor:} 10... Nbd7 11. g4 Qa5 {0-1 (40) Hermannsdoerfer,F (2228)-Jaeger,A (2005) Berlin 2013}) 11. Kb1 Nbd7 12. g4 O-O-O 13. Bg2 h6 14. Rhe1 Bd6 15. Na4 (15. Ne4 $11 {keeps the balance.} Be5 16. d4) 15... h5 $17 16. Qe3 hxg4 17. hxg4 Nxg4 18. Qd4 Ndf6 19. Bc3 Qa6 {Hoping for ...Bg3.} 20. Bf1 b5 {[#] Strongly threatening ...Bg3.} 21. Qg1 Qb7 22. Be2 bxa4 (22... Rh3 $142 {aiming for ...Rg3.} 23. Bxg4 Rg3) 23. Bxg4 axb3 24. axb3 Qb6 25. Bf3 Rh3 26. Qxb6 axb6 27. Bxc6 Kc7 28. Bh1 Bc5 $1 29. Kb2 {[#]} Bd4 (29... b5 $1 $17) 30. Ra1 $1 $11 Bxc3+ 31. dxc3 Rd7 32. Rg1 $1 g6 33. c4 Kd8 34. Ra6 Rd2 {White must now prevent ...Nd7.} 35. Rxb6 Rhh2 36. Kc3 Rxc2+ 37. Kb4 Nd7 38. Rb7 $1 Kc8 39. Ra7 Ra2 40. Rxa2 Rxa2 {[%mdl 4096] Endgame KRB-KRN} 41. Kb5 Rb2 42. b4 Ne5 {Threatens to win with ...Nd3.} 43. c5 g5 44. Rxg5 Nd3 $1 45. Rg4 Kc7 46. Rd4 Ne5 47. Rd1 f5 $2 (47... Rh2 $11 {and Black stays safe.}) 48. Rd6 $18 Rb1 49. Bg2 ({Don't play} 49. Rxe6 Nd3 $11) ({Better is} 49. Bc6 $16) 49... f4 $11 {The position is equal.} 50. Rxe6 f3 51. Bf1 Nd7 52. Rc6+ Kb7 53. Rd6 Nxc5 54. Bc4 f2 55. Kxc5 f1=Q {( -> ...Qf8)} 56. Bxf1 Rxf1 57. Rd7+ Kc8 58. Rh7 {Kb6 is the strong threat.} Rf6 59. b5 Rg6 60. b6 {Precision: White = 60%, Black = 50%.} 1/2-1/2

[Event "RUS-ch Youth U21 Boys 2018"]
[Site "Loo"]
[Date "2018.04.28"]
[Round "9"]
[White "Drygalov, Andrey"]
[Black "Lobanov, Sergei"]
[Result "0-1"]
[WhiteElo "2446"]
[BlackElo "2482"]
[Annotator "TA"]
[PlyCount "118"]
[EventDate "2018.??.??"]
[EventType "tourn"]
[EventCountry "RUS"]
[SourceTitle "playchess.com"]
[Source "ChessBase"]
[SourceQuality "1"]

{[%evp 19,118,8,32,0,0,-13,-12,-18,-7,-24,-8,-15,7,0,0,0,9,0,7,0,0,0,0,0,0,0,0,0,26,48,48,47,69,45,28,29,28,0,0,4,6,0,0,0,0,0,0,0,0,0,0,-10,-10,-41,-14,-18,-8,-16,-8,-17,-13,-35,0,-21,0,-36,-41,-73,-52,-237,-222,-215,-203,-201,-194,-179,-199,-169,-90,-608,-617,-588,-565,-515,-468,-419,-258,-222,-222,-991,-1018,-718,-296,-296,-288,-287,-262,-29959,-12359,-4618,-4618]} 1. e4 c5 2. Nf3 Nc6 3. Bb5 g6 4. Bxc6 dxc6 5. d3 Bg7 6. h3 Nh6 {[%cal Bg8h6,Bh6f7,Bf7g5,Bg5e6,Be6d4][%mdl 32] B31: Sicilian: 2...Nc6 3 Bb5 g6} (6... Nf6 7. Nc3 O-O 8. Be3 b6 9. Qd2 e5 10. Bh6 Qd6 11. O-O-O a5 12. g4 a4 13. Kb1 Be6 14. Ne2 b5 15. Ng3 Rfd8 16. Bxg7 Kxg7 17. Qg5 Nd7 {1-0 (30) Anand,V (2776)-Grischuk,A (2767) Moscow 2018}) 7. O-O f6 8. Nc3 e5 9. Be3 b6 10. a3 Nf7 {LiveBook: 4 Games} 11. Nd2 O-O 12. f4 $146 ({Predecessor:} 12. a4 a5 13. Nc4 Be6 14. Qe2 {0-1 (32) Li,S (2540)-Ikonnikov,V (2587) Vlissingen 2006}) 12... exf4 13. Bxf4 Ng5 14. Rb1 Ne6 15. Be3 a5 16. Nf3 Nd4 17. Qd2 a4 18. Rf2 Be6 19. Bh6 Qd6 20. Bxg7 Kxg7 21. Rbf1 b5 22. Ne2 Rad8 23. Re1 Bg8 24. Nexd4 cxd4 25. Rfe2 Rfe8 26. e5 fxe5 27. Nxe5 Bd5 28. Ng4 Rxe2 29. Rxe2 Rf8 30. Qh6+ Kg8 31. Qh4 h5 ({Reject} 31... Qf4 $6 32. Rf2 $16) 32. Ne5 Qf6 33. Qxf6 Rxf6 $11 {[%mdl 4096] Endgame KRB-KRN} 34. Nd7 Rf5 35. Ne5 Kg7 36. c4 dxc3 37. bxc3 Kf6 38. d4 Kg5 39. Re3 h4 40. Re1 Rf8 41. Nd7 Rf5 42. Ne5 Rf4 43. Rc1 Kf5 44. Nd3 $2 (44. Re1 $15) 44... Re4 $19 45. Rf1+ Kg5 {Hoping for ...Re3.} 46. Kf2 Bc4 47. Rd1 Kf5 48. Kf3 g5 ({Black should play} 48... b4 $19 49. cxb4 g5) 49. Rd2 $2 {[%mdl 8192]} (49. Kf2 $17) 49... g4+ 50. hxg4+ Rxg4 51. Kf2 Rg3 52. Nb4 {If only White now had time for d5....} Bd5 53. Nxd5 cxd5 {KR-KR} 54. Re2 $2 (54. Rc2) 54... Rxc3 55. Re5+ Kf4 (55... Kg4 $142 56. Rxd5 Rc2+ 57. Ke3 Rxg2 58. Rxb5 h3) 56. Rxd5 Rc2+ 57. Kg1 {[#]} h3 $1 {[%mdl 512]} 58. gxh3 $2 {[#]} (58. g3+ $19 Kg4 59. Rxb5) 58... b4 $1 {[%mdl 512]} 59. axb4 a3 {Precision: White = 39%, Black = 65%.} 0-1